00383nam a2200145Ia 4500008004100000020001500041041001200056100002000068245006800088250000900156260003900165300000800204650000800212700001700220221030s9999 xx 000 0 und d a9332542600 aEnglish aR. L. Boylestad 0aElectronic Deivces & Circuitscby R. L. Boylestad, L. Nashelsky a11th bPearson EducationaNew Delhic2016 a932 aECE aL. Nashelsky